<?xml version="1.0" encoding="UTF-8"?><?xml-stylesheet type="text/xsl" href="static/style.xsl"?><OAI-PMH xmlns="http://www.openarchives.org/OAI/2.0/" xmlns:xsi="http://www.w3.org/2001/XMLSchema-instance" xsi:schemaLocation="http://www.openarchives.org/OAI/2.0/ http://www.openarchives.org/OAI/2.0/OAI-PMH.xsd"><responseDate>2026-04-29T23:04:16Z</responseDate><request verb="GetRecord" identifier="oai:repisalud.isciii.es:20.500.12105/7691" metadataPrefix="marc">https://repisalud.isciii.es/rest/oai/request</request><GetRecord><record><header><identifier>oai:repisalud.isciii.es:20.500.12105/7691</identifier><datestamp>2024-10-07T10:52:06Z</datestamp><setSpec>com_20.500.12105_2052</setSpec><setSpec>com_20.500.12105_2051</setSpec><setSpec>col_20.500.12105_19608</setSpec></header><metadata><record xmlns="http://www.loc.gov/MARC21/slim" xmlns:dcterms="http://purl.org/dc/terms/" xmlns:doc="http://www.lyncode.com/xoai" xmlns:xsi="http://www.w3.org/2001/XMLSchema-instance" xsi:schemaLocation="http://www.loc.gov/MARC21/slim http://www.loc.gov/standards/marcxml/schema/MARC21slim.xsd">
   <leader>00925njm 22002777a 4500</leader>
   <datafield ind2=" " ind1=" " tag="042">
      <subfield code="a">dc</subfield>
   </datafield>
   <datafield ind2=" " ind1=" " tag="720">
      <subfield code="a">Esteban-Vasallo, María D</subfield>
      <subfield code="e">author</subfield>
   </datafield>
   <datafield ind2=" " ind1=" " tag="720">
      <subfield code="a">Aragones, Nuria</subfield>
      <subfield code="e">author</subfield>
   </datafield>
   <datafield ind2=" " ind1=" " tag="720">
      <subfield code="a">Pollan-Santamaria, Marina</subfield>
      <subfield code="e">author</subfield>
   </datafield>
   <datafield ind2=" " ind1=" " tag="720">
      <subfield code="a">Lopez-Abente, Gonzalo</subfield>
      <subfield code="e">author</subfield>
   </datafield>
   <datafield ind2=" " ind1=" " tag="720">
      <subfield code="a">Perez-Gomez, Beatriz</subfield>
      <subfield code="e">author</subfield>
   </datafield>
   <datafield ind2=" " ind1=" " tag="260">
      <subfield code="c">2012-10</subfield>
   </datafield>
   <datafield ind2=" " ind1=" " tag="520">
      <subfield code="a">BACKGROUND: Placental tissue may furnish information on the exposure of both mother and fetus. Mercury (Hg), cadmium (Cd), and lead (Pb) are toxicants of interest in pregnancy because they are associated with alterations in child development. OBJECTIVES: The aim of this study was to summarize the available information regarding total Hg, Cd, and Pb levels in human placenta and possible related factors. METHODS: We performed a systematic search of PubMed/MEDLINE, EMBASE, Lilacs, OSH, and Web of Science for original papers on total Hg, Cd, or Pb levels in human placenta that were published in English or Spanish (1976-2011). Data on study design, population characteristics, collection and analysis of placenta specimens, and main results were extracted using a standardized form. RESULTS: We found a total of 79 papers (73 different studies). Hg, Cd, and Pb levels were reported in 24, 46, and 46 studies, respectively. Most studies included small convenience samples of healthy pregnant women. Studies were heterogeneous regarding populations selected, processing of specimens, and presentation of results. Hg concentrations > 50 ng/g were found in China (Shanghai), Japan, and the Faroe Islands. Cd levels ranged from 1.2 ng/g to 53 ng/g and were highest in the United States, Japan, and Eastern Europe. Pb showed the greatest variability, with levels ranging from 1.18 ng/g in China (Shanghai) to 500 ng/g in a polluted area of Poland. CONCLUSION: The use of the placenta as a biomarker to assess heavy metals exposure is not properly developed because of heterogeneity among the studies. International standardized protocols are needed to enhance comparability and increase the usefulness of this promising tissue in biomonitoring studies.</subfield>
   </datafield>
   <datafield ind1="8" ind2=" " tag="024">
      <subfield code="a">Environ Health Perspect. 2012; 120(10): 1369–1377.</subfield>
   </datafield>
   <datafield ind1="8" ind2=" " tag="024">
      <subfield code="a">10.1289/ehp.1204952</subfield>
   </datafield>
   <datafield ind1="8" ind2=" " tag="024">
      <subfield code="a">1552-9924</subfield>
   </datafield>
   <datafield ind1="8" ind2=" " tag="024">
      <subfield code="a">Environmental health perspectives</subfield>
   </datafield>
   <datafield ind1="8" ind2=" " tag="024">
      <subfield code="a">22591711</subfield>
   </datafield>
   <datafield ind1="8" ind2=" " tag="024">
      <subfield code="a">http://hdl.handle.net/20.500.12105/7691</subfield>
   </datafield>
   <datafield tag="653" ind2=" " ind1=" ">
      <subfield code="a">Biomonitoring</subfield>
   </datafield>
   <datafield tag="653" ind2=" " ind1=" ">
      <subfield code="a">Cadmium</subfield>
   </datafield>
   <datafield tag="653" ind2=" " ind1=" ">
      <subfield code="a">Lead</subfield>
   </datafield>
   <datafield tag="653" ind2=" " ind1=" ">
      <subfield code="a">Mercury</subfield>
   </datafield>
   <datafield tag="653" ind2=" " ind1=" ">
      <subfield code="a">Metals</subfield>
   </datafield>
   <datafield tag="653" ind2=" " ind1=" ">
      <subfield code="a">Placenta</subfield>
   </datafield>
   <datafield ind2="0" ind1="0" tag="245">
      <subfield code="a">Mercury, cadmium, and lead levels in human placenta: a systematic review</subfield>
   </datafield>
</record></metadata></record></GetRecord></OAI-PMH>